LEADER 00652naa a2200145 i 4500 001 000000304489 003 CaOOAMICUS 005 20180831172820.0 008 180831n it u000 u ita u 013 $a12321 040 $aSeMil$bita 100 1 $aClaret de La Touche, Louise Marguerite .$0(OLS)http://semarc/name/38868 245 10$aPiccolo trattato dell'amore infinito. 773 0 $aClaret de La Touche, Louise Marguerite $tLibro dell'amore infinito.$b2. ed. riveduta e corretta.$dTorino ; Roma : Marietti, 1939.$gp.71-175$w()120440 996 $6245$aPiccolo trattato dell'amore infinito$9(OLS)http://semarc/title/380244 LEADER 00936nam a2200217 i 4500 001 000000206314 003 CaOOAMICUS 005 20171006000000.0 008 171006s1962 it u000 u ita u 013 $a185075 040 $aSeMil$bita 100 1 $aSacerdoti del Sacro Cuore di Gesù .$0(OLS)http://semarc/name/93141 245 10$aCostituzioni /$cSocietà dei Sacerdoti del Sacro Cuore di Gesù. 260 $aMilano :$bScuola tipografica Figli della Provvidenza,$c1962. 300 $a51 p. ;$c16 cm. 650 4$aSacerdoti del Sacro Cuore di Gesù - Regole e Costituzioni.$0(OLS)http://semarc/subject/22798 850 $aSeMil 852 $aSeMil$W1$xVenegono$y1$m3F I 1088$j240552$B156797$CSeMilBibl$Z2$F220303 $81 961 $aOmaggio: Altro 996 $6245$aCostituzioni$9(OLS)http://semarc/title/48195 996 $6260$aMilano :$bScuola tipografica Figli della Provvidenza$9(OLS)http://semarc/publisher/40817